000 00310nam a2200133Ia 4500
003 GCL
008 140319s9999 xx 000 0 ara d
040 _aGCL /
_cGCL
082 0 4 _a411.1
_bز ك
245 1 0 _aكتاب اللامات
260 _a[S.N] :
_bدار صادر ،
_c1992
300 _a207
490 _a
999 _c31497
_d31497